<?xml version="1.0" encoding="UTF-8"?>
<collection xmlns="http://www.loc.gov/MARC21/slim">
 <record>
  <leader>01209nam a22002057a 4500</leader>
  <controlfield tag="001">NCT_140351</controlfield>
  <controlfield tag="008">220816b        xxu||||| |||| 00| 0 vie d</controlfield>
  <datafield tag="999" ind1=" " ind2=" ">
   <subfield code="c">7231</subfield>
   <subfield code="d">7231</subfield>
  </datafield>
  <datafield tag="020" ind1=" " ind2=" ">
   <subfield code="c">23500</subfield>
  </datafield>
  <datafield tag="082" ind1="0" ind2="4">
   <subfield code="2">23rd ed.</subfield>
   <subfield code="a">579</subfield>
   <subfield code="b">Th557</subfield>
  </datafield>
  <datafield tag="100" ind1="1" ind2=" ">
   <subfield code="a">Trần Linh Thước</subfield>
  </datafield>
  <datafield tag="245" ind1="1" ind2="0">
   <subfield code="a">Phương pháp phân tích vi sinh vật trong nước, thực phẩm, mỹ phẩm</subfield>
   <subfield code="c">Trần Linh Thước</subfield>
  </datafield>
  <datafield tag="250" ind1=" " ind2=" ">
   <subfield code="a">Tái bản lần thứ 4</subfield>
  </datafield>
  <datafield tag="260" ind1=" " ind2=" ">
   <subfield code="a">H.</subfield>
   <subfield code="b">Giáo dục</subfield>
   <subfield code="c">2008</subfield>
  </datafield>
  <datafield tag="300" ind1=" " ind2=" ">
   <subfield code="a">232 tr.</subfield>
   <subfield code="b">Minh họa</subfield>
   <subfield code="c">24cm</subfield>
  </datafield>
  <datafield tag="520" ind1="3" ind2=" ">
   <subfield code="a">Nội dung quyển sách cung cấp các kiến thức cô đọng về các vi sinh vật gây bệnh, các chỉ tiêu vi sinh vật thường được kiểm soát trong nước, thực phẩm và mỹ phẩm, các yêu cầu cơ bản trong việc thành lập và vận hành một phòng kiểm nghiệm vi sinh vật.</subfield>
  </datafield>
  <datafield tag="653" ind1=" " ind2=" ">
   <subfield code="a">Công nghệ thực phẩm</subfield>
  </datafield>
  <datafield tag="942" ind1=" " ind2=" ">
   <subfield code="2">ddc</subfield>
   <subfield code="c">BK</subfield>
  </datafield>
  <datafield tag="952" ind1=" " ind2=" ">
   <subfield code="0">0</subfield>
   <subfield code="1">0</subfield>
   <subfield code="2">ddc</subfield>
   <subfield code="4">0</subfield>
   <subfield code="6">579_000000000000000_TH557</subfield>
   <subfield code="7">0</subfield>
   <subfield code="9">26004</subfield>
   <subfield code="a">000001</subfield>
   <subfield code="b">000001</subfield>
   <subfield code="d">2022-08-16</subfield>
   <subfield code="o">579 Th557</subfield>
   <subfield code="p">MD.20471</subfield>
   <subfield code="r">2022-08-16</subfield>
   <subfield code="v">23500.00</subfield>
   <subfield code="w">2022-08-16</subfield>
   <subfield code="y">BK</subfield>
  </datafield>
  <datafield tag="980" ind1=" " ind2=" ">
   <subfield code="a">Thư viện Trường Đại học Nam Cần Thơ</subfield>
  </datafield>
 </record>
</collection>
